000 00947cam a22002535a 4500
001 14798393
005 20201128024244.0
008 070405t2007 enka frb 001 0 eng d
020 _a9780192801579
040 _aDLC
_cDLC
_dDLC
_dEG-ScBUE
_beng
082 0 4 _222
_a327
_bWIL
100 1 _aWilkinson, Paul,
_d1937-2011.
245 1 0 _aInternational relations :
_ba very short introduction /
_cPaul Wilkinson.
260 _aOxford ;
_aNew York :
_bOxford University Press,
_cc.2007.
300 _a144 p. :
_bill. ;
_c18 cm.
490 0 _aVery short introductions ;
_v164
504 _aIncludes bibliographical references and index.
505 0 _aStates -- Non-states -- Intergovernmental organizations -- Problems and challenges.
650 7 _aInternational relations.
_2BUEsh
_91135
651 _2BUEsh
653 _bBUSBOL
_cFebruary2018
856 4 1 _3Table of contents only
_uhttp://www.loc.gov/catdir/toc/ecip0715/2007014265.html
942 _2ddc
999 _c26190
_d26162